00889nas a2200277 4500001001000000003000900010005001700019007000300036008003400039040005400073041000900127072001300136100001700149100002100166100002400187100001900211100002000230100002100250100001900271245010500290650002500395650002400420650001400444773010100458856005200559BR0902919BR-BrBNA20231205113423.0ta230509b bl.|||p| |||| 00| 00por d aBR-BrBNAbporcBiblioteca Nacional de Agricultura a(Pt) aF04; P351 aCruz, J.C.S.1 aGava, G.J. de C.1 aMinhoni, M.T. de A.1 aSouza, N.L. de1 aSilva, M. de A.1 aJerônimo, E.M.1 aPadovani, C.R.1 aModificações químicas em solo solarizado, com e sem incorporação de resíduos orgânicos aMATÉRIA ORGÂNICA aFERTILIDADE DO SOLO aRESÍDUO0 tSemina. Ciencias Agrarias (Brazil)xISSN 1676-546Xg(Jan-Mar 2008), v. 29(1) p. 15-28wBR090291940uhttp://www.aprh.pt/rgci/pdf/rgci-155_Borges.pdf